Illustrated genera of Trichomycetes Fungal symbionts of insects and other artropods

Đã lưu trong:
書目詳細資料
主要作者: J K MISRA
格式: 圖書
語言:Undetermined
出版: Enfield, New Hampshire Science 2000
主題:
標簽: 添加標簽
沒有標簽, 成為第一個標記此記錄!
Thư viện lưu trữ: Trung tâm Học liệu Trường Đại học Cần Thơ
LEADER 00532nam a2200181Ia 4500
001 CTU_48962
008 210402s9999 xx 000 0 und d
082 |a 579.53 
082 |b M678 
100 |a J K MISRA 
245 0 |a Illustrated genera of Trichomycetes 
245 0 |b Fungal symbionts of insects and other artropods 
245 0 |c J K MISRA, Robert W. Lichtwardt 
260 |a Enfield, New Hampshire 
260 |b Science 
260 |c 2000 
650 |a Trichomycetes 
980 |a Trung tâm Học liệu Trường Đại học Cần Thơ